Offering a helping hand (Record no. 80296)

MARC details
000 -LEADER
fixed length control field 01249cab a22002415a 4500
001 - CONTROL NUMBER
control field L143881
008 - FIXED-LENGTH DATA ELEMENTS--GENERAL INFORMATION
fixed length control field 080604e20080531xxk f 000 0 eng d
035 ## - SYSTEM CONTROL NUMBER
System control number (Sirsi) u143881
041 0# - LANGUAGE CODE
Language code of text/sound track or separate title eng
100 1# - MAIN ENTRY--PERSONAL NAME
Personal name Butterworth, Simon
245 00 - TITLE STATEMENT
Title Offering a helping hand
260 ## - PUBLICATION, DISTRIBUTION, ETC.
Date of publication, distribution, etc. 2008
490 ## - SERIES STATEMENT
Series statement Estates Gazette
Volume/sequential designation (0821) 31 May 2008, 134-135(2)
520 ## - SUMMARY, ETC.
Summary, etc. Mainly for Students article considers the rules which must be followed by charities who deal with property. Outlines the types of organisations which can be classed as charities, warning that surveyors need to be aware of the rules applying to each. Property is held on trust by a designated trustee. Outlines the duties of such trustees. Property disposal is performed by trustees where they have the right to do so. However the disposal should be on the best possible terms and in the interests of the charity. Leases are dealt with in broadly the same way as other property.
590 ## - LOCAL NOTE (RLIN)
Local note KA
650 24 - SUBJECT ADDED ENTRY--TOPICAL TERM
Topical term or geographic name entry element CHARITIES ACT 1993
650 24 - SUBJECT ADDED ENTRY--TOPICAL TERM
Topical term or geographic name entry element CHARITIES (QUALIFIED SURVEYORS REPORTS) REGULATIONS 1992
651 #4 - SUBJECT ADDED ENTRY--GEOGRAPHIC NAME
Geographic name United Kingdom
Chronological subdivision
690 ## - LOCAL SUBJECT ADDED ENTRY--TOPICAL TERM (OCLC, RLIN)
Topical term or geographic name as entry element Landlord and tenant
9 (RLIN) 6252
690 ## - LOCAL SUBJECT ADDED ENTRY--TOPICAL TERM (OCLC, RLIN)
Topical term or geographic name as entry element PROPERTY-ACQUISITION AND DISPOSAL OF PROPERTY
700 1# - ADDED ENTRY--PERSONAL NAME
Personal name Turner, Caroline
942 ## - ADDED ENTRY ELEMENTS (KOHA)
Suppress in OPAC 0

No items available.